Encounters With Animals / (Record no. 479)
[ view plain ]
| 000 -LEADER | |
|---|---|
| fixed length control field | 00674nam a2200241 a 4500 |
| 001 - CONTROL NUMBER | |
| JCCL Control Number | 479 |
| 003 - CONTROL NUMBER IDENTIFIER | |
| JCCL marc code | BD-JhCC |
| 005 - DATE AND TIME OF LATEST TRANSACTION | |
| control field | 20171011102834.0 |
| 008 - FIXED-LENGTH DATA ELEMENTS--GENERAL INFORMATION | |
| fixed length control field | 171005s1965 enga|||| ||a| 001 0 eng d |
| 035 ## - SYSTEM CONTROL NUMBER | |
| system control number | (BD-JhCC)479 |
| 040 ## - CATALOGING SOURCE | |
| Original cataloging agency | BD-JhCC |
| Modifying agency | BD-JhCC |
| 041 ## - LANGUAGE CODE | |
| Language code of Book | eng |
| 082 ## - DEWEY DECIMAL CLASSIFICATION NUMBER | |
| Classification number | 591.5 |
| Author mark and Year | DUR 1965 |
| DDC Edition number | 23 |
| 100 ## - MAIN ENTRY--PERSONAL NAME | |
| Personal name | Durrell, Gerald |
| 245 ## - TITLE STATEMENT | |
| Title | Encounters With Animals / |
| Statement of responsibility, etc | Gerald Durrell; Ralph Thompson (illus.) |
| 260 ## - PUBLICATION, DISTRIBUTION, ETC. (IMPRINT) | |
| Place of publication, distribution, etc | Queen Street, |
| -- | London : |
| Name of publisher, distributor, etc | Henemann Educational Books Ltd, |
| Date of publication, distribution, etc | 1965. |
| 300 ## - PHYSICAL DESCRIPTION | |
| Pagination | 187 p. : |
| Other physical details | ill. ; |
| Dimensions | 18 cm. |
| 490 ## - SERIES STATEMENT | |
| Series statement | The new windmill series. |
| 650 ## - SUBJECT ADDED ENTRY--TOPICAL TERM | |
| Topical term or geographic name as entry element | Animal Behavior |
| 700 ## - ADDED ENTRY--PERSONAL NAME | |
| Personal name | Thompson,Ralph |
| 942 ## - ADDED ENTRY ELEMENTS (KOHA) | |
| Source of classification or shelving scheme | Dewey Decimal Classification |
| Koha item type | Books |
| Source of classification or shelving scheme | Damaged status | Not for loan | Home library | Current library | Shelving location | Date of accession | Cost, normal purchase price | Total Checkouts | Full call number | Barcode | Date last seen | Copy number | Koha item type |
|---|---|---|---|---|---|---|---|---|---|---|---|---|---|
| Dewey Decimal Classification | JCC Rouf Library | JCC Rouf Library | General Stacks | 10/05/2017 | 0.00 | 591.5 DUR 1965 | 820 | 10/05/2017 | C-1 | Books |